Proyecto: empleo rural, estado y políticas públicas. Sección Costa Rica /

Wedi'i Gadw mewn:
Manylion Llyfryddiaeth
Prif Awdur: Aguilar, Humberto
Awduron Eraill: Cabral, Juan Carlos, Buarque de Hollanda, Teodoro
Fformat: Texto
Cyhoeddwyd: s.n.t. :
Tagiau: Ychwanegu Tag
Dim Tagiau, Byddwch y cyntaf i dagio'r cofnod hwn!

MARC

LEADER 00000 a a2200000 04500
001 16404
003
040 |a CRAI/IIS  |c CRAI/IIS 
090 |a 013100  
100 |a Aguilar, Humberto  
245 |a Proyecto: empleo rural, estado y políticas públicas. Sección Costa Rica /  |c Humberto Aguilar 
260 |a s.n.t. :  
300 |a 19 p.  
700 |a Cabral, Juan Carlos  
700 |a Buarque de Hollanda, Teodoro  
999 |c 17553  |d 17553